Bilecik Bilecik Bilecik Bilecik Bilecik

Maliye araştırma merkezi konferansları :Prof. M. Orhan Dikmen'e armağan . (Record no. 14602)

MARC details
000 -BAŞLIK
Sabit Uzunluktaki Kontrol Alanı 01521nam a22004577a 4500
001 - KONTROL NUMARASI
Control Dosyası 0014639
003 - KONTROL NUMARASI KİMLİĞİ
Kontrol Alanı KOHA_MİRAKIL
005 - EN SON İŞLEM TARİHİ ve ZAMANI
Kontrol Alanı 20260207002002.0
007 - FİZİKSEL TANIM SABİT ALAN - GENEL BİLGİ
Sabit uzunluklu kontrol alanı ta
008 - SABİT UZUNLUKTAKİ VERİ ÖGELERİ - GENEL BİLGİ
Sabit Alan 100305b1990 tu |||gro|||#1|||0|tur |
020 ## - ISBN - ULUSLARARASI STANDART KİTAP NUMARASI
Kullanılabilirlik koşulları 0,01
040 ## - KATALOGLAMA KAYNAĞI
Özgün Kataloglama Kurumu TR-BiSEU
Kataloglama Dili tur
Çeviri Kurumu TR-BiSEU
Açıklama Kuralları rda
041 0# - DİL KODU
Metin ya da ses kaydının dil kodu tur
044 ## - YAYINLAYAN/ÜRETEN KURULUŞUN ÜLKE KODU
ISO country code tu
050 ## - SINIFLAMA ve YER NUMARASI
Sınıflama Numarası HJ1302.5
Yer Numarası .M35 1990
111 2# - TOPLANTI ADI
Toplantı Adı Maliye Ararştırmaları Merkezi Konferansları (33. : 1989/1990 : İstanbul)
9 (RLIN) 33348
245 1# - ESER ADI BİLDİRİMİ
Başlık Maliye araştırma merkezi konferansları :Prof. M. Orhan Dikmen'e armağan .
264 #1 - ÜRERİM, YAYIN, DAĞITIM ve TELİF BİLDİRİMİ
Yayın yeri İstanbul :
Yayınlayan İstanbul Üniversitesi İktisat Fakültesi
Yayın tarihi 1990
300 ## - FİZİKSEL TANIMLAMA
Sayfa, Cilt vb. 155 sayfa: resimli; 24 cm.
336 ## - İÇERİK TÜRÜ
Content type term metin
Content type code txt
Source rdacontent
337 ## - MEDYA TÜRÜ
Media type term aracısız
Media type code n
Source rdamedia
338 ## - TAŞIYICI TÜRÜ
Carrier type term cilt
Carrier type code nc
Source rdacarrier
490 1# - DİZİ BİLDİRİMİ
Dizi Bildirimi İstanbul Üniversitesi Yayınlarından no.
490 1# - DİZİ BİLDİRİMİ
Dizi Bildirimi ;
Cilt Numarası 3660.
490 1# - DİZİ BİLDİRİMİ
Dizi Bildirimi İktisat Fakültesi yayın no.
490 1# - DİZİ BİLDİRİMİ
Dizi Bildirimi 534.
490 1# - DİZİ BİLDİRİMİ
Dizi Bildirimi Maliye Araştırma Merkezi yayın no.
490 1# - DİZİ BİLDİRİMİ
Dizi Bildirimi 33.
500 ## - GENEL NOT
Genel Not Kaynakça var.
650 #0 - KONU BAŞLIĞI EK GİRİŞ - KONU TERİMİ
Konusal terim veya coğrafi ad Kamu maliyesi--Türkiye--Kongreler.
9 (RLIN) 6631
650 #0 - KONU BAŞLIĞI EK GİRİŞ - KONU TERİMİ
Konusal terim veya coğrafi ad Finance, Public--Turkey--Congresses.
9 (RLIN) 32787
650 #0 - KONU BAŞLIĞI EK GİRİŞ - KONU TERİMİ
Konusal terim veya coğrafi ad Finans--Kongreler--Türkiye.
9 (RLIN) 33349
830 1# - SERİ EK GİRİŞİ - TEKBİÇİM ESER ADI
Tekbiçim Başlık İstanbul Üniversitesi Yayınlarından no.
9 (RLIN) 34120
830 1# - SERİ EK GİRİŞİ - TEKBİÇİM ESER ADI
Tekbiçim Başlık ;
Volume number/sequential designation 3660.
9 (RLIN) 1620
830 1# - SERİ EK GİRİŞİ - TEKBİÇİM ESER ADI
Tekbiçim Başlık İktisat Fakültesi yayın no.
9 (RLIN) 34121
830 1# - SERİ EK GİRİŞİ - TEKBİÇİM ESER ADI
Tekbiçim Başlık 534.
9 (RLIN) 34122
830 1# - SERİ EK GİRİŞİ - TEKBİÇİM ESER ADI
Tekbiçim Başlık Maliye Araştırma Merkezi yayın no.
9 (RLIN) 34123
830 1# - SERİ EK GİRİŞİ - TEKBİÇİM ESER ADI
Tekbiçim Başlık 33.
9 (RLIN) 10801
907 ## - LOCAL DATA ELEMENT G, LDG (RLIN)
a Konferans
942 ## - EK GİRİŞ ÖGELERİ (KOHA)
Source of classification or shelving scheme Library of Congress Classification
Koha item type Book
Holdings
Materyal Türü Kalıcı Konum Mevcut Konum Raf Yeri Sınıflandırma Kaynağı Edinim Bilgisi Ana Konular Alt Konular Yer Numarası Demirbaş Numarası Fatura Tarihi Geri Çekilme Durumu Kayıp Durumu Hasarlı Durumu Kredi için değil Kayıt Tarih Toplam Ödünçverme Son Görülme Tarihi Son Kontrol Tarihi Genel / Bağış Notu
Book Prof. Dr. Azmi Özcan Kütüphanesi Prof. Dr. Azmi Özcan Kütüphanesi Uluğbey Salonu Library of Congress Classification Bağış SOSYAL BİLİMLER Kamu Maliyesi HJ1302.5 .M35 1990 0014639 13/08/2010         05/03/2010   05/12/2024 05/12/2024 Genel Bağış